000 00948nam0a22002771 4500
001 rc\4393286
005 20250612071255.0
021 _aRU
_b[62-92583]
035 _a(NLR Aleph) 008554524
090 _a8427196
_c8427196
100 _a20130416d1962 |||y0rusy50 ca
101 1 _arus
_ctat
102 _aRU
105 _ac z |||||
200 1 _aМежду жизнью и смертью
_e[Для ст. школьного возраста
_eПер. с татар.]
210 _aКазань
_cТаткнигоиздат
_d1962
215 _a188 с., 1 л. портр.
_d21
606 _aГерманский фашизм (д. л.)
_2psbo
606 _aКонцентрационные лагери (д. л.)
_2psbo
700 1 _7ca
_8rus
_aДаули
_bН.
_f1910-1989
_gНаби
_9170311
_3RU\NLR\AUTH\770170361
801 0 _aRU
_bNLR
_gpsbo
801 1 _aRU
_bELAR
_2rusmarc
852 _aNLR
_j63-3/542
942 _cBOOK
980 _aNB